Indian Banking Sector Mergers; Changing Perspectives/ (Record no. 208608)

MARC details
000 -LEADER
fixed length control field 00711nam a22001937a 4500
005 - DATE AND TIME OF LATEST TRANSACTION
control field 20250120143511.0
010 ## - LCCN (DPL NO)
LC control number ENG-143472
020 ## - INTERNATIONAL STANDARD BOOK NUMBER
Terms of availability 295.00
International Standard Book Number 9789391841164
035 ## - SYSTEM CONTROL NUMBER
System control number EN-127004
037 ## - SOURCE OF ACQUISITION
Source of stock number/acquisition DBAD
082 ## - DEWEY DECIMAL CLASSIFICATION NUMBER
Classification number 657.8333
100 ## - MAIN ENTRY--PERSONAL NAME
Personal name Lakkol, G. Savitha
245 ## - TITLE STATEMENT
Title Indian Banking Sector Mergers; Changing Perspectives/
Statement of responsibility, etc By Savitha G. Lakkol
250 ## - EDITION STATEMENT
Edition statement First
260 ## - PUBLICATION, DISTRIBUTION, ETC. (IMPRINT)
Name of publisher, distributor, etc An Imprint of Prism Book Pvt. Ltd
Date of publication, distribution, etc 2021
Place of publication, distribution, etc #1865, 32nd cross, 10th Main BSK II stage, Bengaluru
270 ## - ADDRESS
City Bengaluru
Address #1865, 32nd cross, 10th Main BSK II stage, Bengaluru
Postal code 560070
Telephone number 08026714108
Electronic mail address logicstics@prismbook.com
300 ## - PHYSICAL DESCRIPTION
Extent 216p.
Dimensions 21cm (pbk)
942 ## - ADDED ENTRY ELEMENTS (KOHA)
Source of classification or shelving scheme Dewey Decimal Classification
Item type English Books
Classification part 657.8333
Call number suffix LAK
Holdings
Withdrawn status Lost status Not for loan Collection code Home library Current library Date acquired Source of acquisition Cost, normal purchase price Full call number Barcode Copy number Cost, replacement price Koha item type
      Non-fiction Vinoba Puri Vinoba Puri 20/01/2025 DBAD 295.00 657.8333 LAK EN-127004 1 295.00 English Books

© Delhi Public Library
Hit Counter
free hit counter